Research in education. (Record no. 71841)

MARC details
000 -LEADER
fixed length control field 00744cam a22002411 4500
001 - CONTROL NUMBER
control field sa 67000236
003 - CONTROL NUMBER IDENTIFIER
control field DLC
005 - DATE AND TIME OF LATEST TRANSACTION
control field 20260227112313.0
008 - FIXED-LENGTH DATA ELEMENTS--GENERAL INFORMATION
fixed length control field 790514s1966 ii b 00000 eng
010 ## - LIBRARY OF CONGRESS CONTROL NUMBER
LC control number sa 67000236 //r842
025 ## - OVERSEAS ACQUISITION NUMBER
Overseas acquisition number PL480:I-E-6214
050 0# - LIBRARY OF CONGRESS CALL NUMBER
Classification number LB1028
Item number .N313 1966
082 ## - DEWEY DECIMAL CLASSIFICATION NUMBER
Classification number 370/.78
110 20 - MAIN ENTRY--CORPORATE NAME
Corporate name or jurisdiction name as entry element National Institute of Basic Education.
245 00 - TITLE STATEMENT
Title Research in education.
250 ## - EDITION STATEMENT
Edition statement [2d ed.
260 0# - PUBLICATION, DISTRIBUTION, ETC.
Place of publication, distribution, etc. New Delhi]
Name of publisher, distributor, etc. National Council of Educational Research and Training
Date of publication, distribution, etc. [1966]
300 ## - PHYSICAL DESCRIPTION
Extent vi, 136 p.
Dimensions 21 cm.
500 ## - GENERAL NOTE
General note "Includes twelve memoranda prepared by Dr. S. M. Corey."
504 ## - BIBLIOGRAPHY, ETC. NOTE
Bibliography, etc. note Includes bibliographies.
650 #0 - SUBJECT ADDED ENTRY--TOPICAL TERM
Topical term or geographic name entry element Education
General subdivision Research.
700 10 - ADDED ENTRY--PERSONAL NAME
Personal name Corey, Stephen Maxwell,
Dates associated with a name 1904-

No items available.

Powered by Koha